Miestne (dedinské) kultúrne centrum

Enregistré dans:
Détails bibliographiques
Auteur principal: Marianková, Lucia, 1988- (Auteur)
Autres auteurs: Bauer, Peter, 1947- (Directeur de thèse)
Format: Manuscrit Livre
Langue:slovaque
Publié: Bratislava : STU v Bratislave SvF, 2014
Sujets:
Accès en ligne:VAIS
https://opac.crzp.sk/?fn=detailBiblioForm&sid=C919D44823240A532B7DDA2BAD51
Tags: Ajouter un tag
Pas de tags, Soyez le premier à ajouter un tag!

MARC

LEADER 00000ntm a22000003a 4500
001 stu297117
005 20230929101848.5
008 140919s2014----xo------------------slo-d
040 |a STU  |b slo 
041 0 |a slo 
044 |a xo 
100 1 |a Marianková, Lucia,  |d 1988-  |4 aut  |u V  |T SvF Stavebná fakulta  |X 59003  |U V  |Y 10  |7 A000059003 
242 0 0 |a Local country cultural centre  |y eng 
245 1 |a Miestne (dedinské) kultúrne centrum 
260 |a Bratislava :  |b STU v Bratislave SvF,  |c 2014 
650 7 |a culture  |2 estusub 
650 7 |a centre  |2 estusub 
650 7 |a centrum  |2 stusub 
650 7 |a kultúra  |2 stusub 
650 7 |a objekt  |2 stusub 
650 7 |a pozemné stavby a architektúra  |2 stusub 
700 1 |a Bauer, Peter,  |d 1947-  |4 ths  |u V181  |U SvF Stavebná fakulta  |T SvF Katedra architektúry  |X 37982  |U V181|V310  |Y 19  |7 A000037982 
856 4 |a info a plný text  |u http://is.stuba.sk/zp/portal_zp.pl?podrobnosti=60480  |3 VAIS 
856 4 |a CRZP  |u https://opac.crzp.sk/?fn=detailBiblioForm&sid=C919D44823240A532B7DDA2BAD51